Vista normal
Vista MARC
Entrada Personal Name
Número de registros utilizados en: 1
001 - CONTROL NUMBER
- control field: 17211
003 - CONTROL NUMBER IDENTIFIER
- control field: DLC
005 - DATE AND TIME OF LATEST TRANSACTION
- control field: 20250617105656.0
008 - FIXED-LENGTH DATA ELEMENTS
- fixed length control field: 230719n| azannaabn |a aaa c
010 ## - LIBRARY OF CONGRESS CONTROL NUMBER
- LC control number: no2023081532
035 ## - SYSTEM CONTROL NUMBER
- System control number: (OCoLC)oca15477538
040 ## - CATALOGING SOURCE
- Original cataloging agency: NcD
- Language of cataloging: spa
- Description conventions: rda
- Transcribing agency: Mx-PuUPA
- Modifying agency: Mx-PuUPA
100 1# - HEADING--PERSONAL NAME
- Personal name: Larios-Gómez, Emigdio,
370 ## - ASSOCIATED PLACE
- Associated country: México
- Source of term: naf
373 ## - ASSOCIATED GROUP
- Associated group: Benemérita Universidad Autónoma de Puebla
- Associated group: Instituto Politécnico Nacional (Mexico)
- Associated group: Universidad de Madero
- Source of term: naf
374 ## - OCCUPATION
- Occupation: Autor
375 ## - GENDER
- Gender: hombre
377 ## - ASSOCIATED LANGUAGE
- Language code: spa
400 1# - SEE FROM TRACING--PERSONAL NAME
- Personal name: Gómez, Emigdio Larios-
670 ## - SOURCE DATA FOUND
- Source citation: Competitividad de México, 2020:
- Information found: title page (Emigdio Larios-Gómez) flap (Emigdio Larios Gómez; professor at Benemérita Univ. Aut. de Puebla; doctorate in business sci. from IPN; master's in business from BUAP; master's in marketing from UMAD; lic in business admin. from BUAP)